000 01005nam a2200253Ia 4500
003 OSt
005 20220923211245.0
006 a|||||r|||| 00| 0
007 ta
008 220922b |||||||| |||| 00| 0 pan d
020 _a978817852339
_c200
024 _a260,457
037 _b651, 22/03/2012, H.K. Prakashan
_cTextual
040 _aARTS
_cARTS
_bpan
041 _2pan
_apan
082 _aO153,1L18:g, P9
100 _aਹੁੰਦਲ, ਪਰਗਟ ਸਿੰਘ; ਗੁਰਪ੍ਰੀਤ ਕੌਰ, ਥਦ.
_9160071
245 0 _aਕੇਸਰ ਸਿੰਘ ਛਿੱਬਰ
_b ਜੀਵਨ ਤੇ ਰਚਨਾ
260 _aਅੰਮ੍ਰਿਤਸਰ
_b ਵਾਚਿਸ Fਾਹ ਖ਼ਾਉਡੇFਨ
_c2009
300 _a176ਪੰ
_ccm.
650 _aਪੰਜਾਬੀ ਸਾਹਿਤ
942 _hO153,1L18:g, P9
_cTEXL
_2CC
999 _c297783
_d297783